The essentials of project management (Record no. 107982)

MARC details
000 -LEADER
fixed length control field 01198cam a22002655a 4500
001 - CONTROL NUMBER
control field L142805
008 - FIXED-LENGTH DATA ELEMENTS--GENERAL INFORMATION
fixed length control field 080311s2007 xxk f 001 0 eng d
020 ## - INTERNATIONAL STANDARD BOOK NUMBER
International Standard Book Number 9780566088056
035 ## - SYSTEM CONTROL NUMBER
System control number (Sirsi) u142805
041 0# - LANGUAGE CODE
Language code of text/sound track or separate title eng
050 04 - LIBRARY OF CONGRESS CALL NUMBER
Classification number 658.404 $2 22
100 1# - MAIN ENTRY--PERSONAL NAME
Personal name Lock, Dennis
245 04 - TITLE STATEMENT
Title The essentials of project management
250 ## - EDITION STATEMENT
Edition statement 3rd ed.
260 ## - PUBLICATION, DISTRIBUTION, ETC.
Place of publication, distribution, etc. Aldershot
Name of publisher, distributor, etc. Gower
Date of publication, distribution, etc. 2007
300 ## - PHYSICAL DESCRIPTION
Extent xii, 204p.
Dimensions 25cm.
350 ## - PRICE (NR) (BK AM CF MU VM SE) [OBSOLETE]
Price 19.50
505 2# - FORMATTED CONTENTS NOTE
Formatted contents note Introduction to project management -- Defining the project task -- Estimating the project costs -- Managing risk -- Organising the project -- Compiling the work breakdown structure -- Planning the timescale -- Scheduling project resources -- Implementing the plan -- Managing purchasing -- Managing changes -- Managing costs
520 ## - SUMMARY, ETC.
Summary, etc. A condensed version of "Project management" (L142804), this work is intended to provide a basic introduction to the subject. Outlines the principles and techniques of project management and explains how and when to use the key project management procedures.
521 2# - TARGET AUDIENCE NOTE
Target audience note Introductory
651 #4 - SUBJECT ADDED ENTRY--GEOGRAPHIC NAME
Geographic name United Kingdom
Chronological subdivision
690 ## - LOCAL SUBJECT ADDED ENTRY--TOPICAL TERM (OCLC, RLIN)
Topical term or geographic name as entry element Project management
9 (RLIN) 6261
942 ## - ADDED ENTRY ELEMENTS (KOHA)
Suppress in OPAC 0
Holdings
Withdrawn status Lost status Source of classification or shelving scheme Damaged status Not for loan Home library Current library Shelving location Date acquired Cost, normal purchase price Total Checkouts Full call number Barcode Date last seen Date last checked out Copy number Cost, replacement price Price effective from Koha item type
    Dewey Decimal Classification     London London Books 18/03/2008 19.50 9 658.404 LOC 30072704 06/08/2019 06/11/2009 1 19.50 06/08/2019 Book